00470nam a2200193Ia 4500008004100000020001800041050001400059100002700073245001800100245003100118245002600149260001500175260001600190260000900206300001600215300002700231300001000258500000800268170918s9999 xx 000 0 und d a9780439803595 bV246 2003 aVan Draanen, Wendelin  aSammy Keyes : band the art of deception / cWendelin Van Draanen. aNew York : bScholastic, c2003 a272 pages : bcolored illustration ; c19cm. a660